| 000 | 00755nam a2200253Ia 4500 | ||
|---|---|---|---|
| 003 | OSt | ||
| 005 | 20220926011013.0 | ||
| 006 | a|||||r|||| 00| 0 | ||
| 007 | ta | ||
| 008 | 220923b |||||||| |||| 00| 0 eng d | ||
| 020 | _a0139620842 | ||
| 037 | _cGeneral Book | ||
| 040 |
_aRTL _cRTL _beng |
||
| 041 |
_2eng _aeng |
||
| 082 | _aY15-49, M2 | ||
| 100 |
_aTiffany Sharon W _9313398 |
||
| 245 | 0 |
_aWomen, work and motherhood _b The power of female sexuality in the workplace |
|
| 260 |
_aNew Jersey _bPrentice Hall _c1982 |
||
| 300 |
_avii,148p _ccm. |
||
| 500 | _aBibliography: p 133-142; Glossary: p 129-132 | ||
| 650 | _aWorking Women | ||
| 942 |
_hY15-49, M2 _cGB _2CC |
||
| 999 |
_c618822 _d618822 |
||